000 00715cam a2200253 4500
008 090401t1985 xxu||||| |||| 00| 0 eng d
020 _a085125182X
035 _a(Sirsi) u8909
041 _aeng
050 _a693.97
110 _aBuilding Research Establishment
245 _aSmith system houses in Sandwell, West Midlands.
260 _aGarston, Watford
_bBuilding Research Establishment
_c1985
300 _a13p. : ill. ; 30cm.
350 _a6
490 _aBRE Building Renewal
_v71
650 _aBUILDING DEFECTS
650 _aPREFABRICATION
650 _aSMITH SYSTEM HOUSES
650 _aWEST MIDLANDS
690 _aBUILT ENVIRONMENT-BUILDING PATHOLOGY
942 _n0
948 _c04/03/1997
999 _c86576
_d86576